书目信息 |
| 题名: |
作物施肥基本原理及应用
|
|
| 作者: | 迟春明 , 柳维扬 著 | |
| 分册: | ||
| 出版信息: | 成都 西南交通大学出版社 2018.02 |
|
| 页数: | 89页 | |
| 开本: | 23cm | |
| 丛书名: | ||
| 单 册: | ||
| 中图分类: | S147.2 | |
| 科图分类: | ||
| 主题词: | 作物--施肥 | |
| 电子资源: | ||
| ISBN: | 978-7-5643-5991-1 | |
| 000 | 01008nam0 2200229 450 | |
| 001 | 5296 | |
| 005 | 20181015125955.80 | |
| 010 | @a978-7-5643-5991-1@dCNY36.00 | |
| 100 | @a20180513d2018 em y0chiy50 ea | |
| 101 | 0 | @achi |
| 102 | @aCN@b510000 | |
| 105 | @ay z 000yy | |
| 200 | 1 | @a作物施肥基本原理及应用@9zuo wu shi fei ji ben yuan li ji ying yong@f迟春明,柳维扬著 |
| 210 | @a成都@c西南交通大学出版社@d2018.02 | |
| 215 | @a89页@d23cm | |
| 330 | @a本书共五章,第一章针对现阶段普遍使用的肥料利用率问题进行了分析;第二章从养分归还学说的本质出发,分析了作物施肥的目的即保持土壤肥力;第三章进一步验证作物最佳经济产量等于最高产量,而最佳经济产量施肥量与最高产量施肥量相差很小,其二者对应的效益比是相同的;第四章从限制因子律的角度进行分析;第五章以氮肥为例,将本书论述分析的作物施肥基本原理应用于棉花生产实践。 | |
| 606 | 0 | @a作物@x施肥 |
| 690 | @aS147.2@v5 | |
| 701 | 0 | @a迟春明@9chi chun ming@4著 |
| 701 | 0 | @a柳维扬@9liu wei yang@4著 |
| 801 | 0 | @aCN@b91MARC@c20180513 |
| 905 | @aMuseLib@dS147.2@e101 | |
| 作物施肥基本原理及应用/迟春明,柳维扬著.-成都:西南交通大学出版社,2018.02 |
| 89页;23cm |
| ISBN 978-7-5643-5991-1:CNY36.00 |
| 本书共五章,第一章针对现阶段普遍使用的肥料利用率问题进行了分析;第二章从养分归还学说的本质出发,分析了作物施肥的目的即保持土壤肥力;第三章进一步验证作物最佳经济产量等于最高产量,而最佳经济产量施肥量与最高产量施肥量相差很小,其二者对应的效益比是相同的;第四章从限制因子律的角度进行分析;第五章以氮肥为例,将本书论述分析的作物施肥基本原理应用于棉花生产实践。 |
| ● |
| 相关链接 |
|
|
|
|
正题名:作物施肥基本原理及应用
索取号:S147.2/101
 
预约/预借
| 序号 | 登录号 | 条形码 | 馆藏地/架位号 | 状态 | 备注 |
| 1 | 1129039 | 211290397 | 第二样本阅览室/ [索取号:S147.2/101] | 在馆 | |
| 2 | 1129040 | 211290404 | 第三借阅区/ [索取号:S147.2/101] | 在馆 | |
| 3 | 1129041 | 211290413 | 密集书库-生命科学系/ [索取号:S147.2/101] | 在馆 | |
| 4 | 1129042 | 211290422 | 第三借阅区/ [索取号:S147.2/101] | 在馆 | |
| 5 | 1129043 | 211290431 | 第三借阅区/ [索取号:S147.2/101] | 在馆 |